Лопастные насосы (примеры расчетов): учебное пособие

Detalles Bibliográficos
Autor principal: Каплинский С. В. Сергей Викторович
Lenguaje:ruso
Publicado: Москва, 1962
Materias:
Formato: Libro
KOHA link:https://koha.lib.tpu.ru/cgi-bin/koha/opac-detail.pl?biblionumber=82685

MARC

LEADER 00000nam0a2200000 4500
001 82685
005 20231031095827.0
035 |a (RuTPU)RU\TPU\book\88860 
090 |a 82685 
100 |a 20051005d1962 m y0rusy50 ca 
101 0 |a rus 
102 |a RU 
105 |a a j 001zy 
200 1 |a Лопастные насосы (примеры расчетов)  |e учебное пособие  |f С. В. Каплинский 
210 |a Москва  |d 1962 
215 |a 24 с.  |c ил. 
320 |a Библиогр.: с. 23. 
610 1 |a насосы 
610 1 |a лопастные насосы 
610 1 |a расчет 
610 1 |a учебные пособия 
675 |a 621.67(075.8)  |v 3 
700 1 |a Каплинский  |b С. В.  |g Сергей Викторович 
801 1 |a RU  |b 63413507  |c 20051005  |g PSBO 
801 2 |a RU  |b 63413507  |c 20060712  |g PSBO 
942 |c BK